<?xml version="1.0" encoding="UTF-8"?>
<record
    xmlns:xsi="http://www.w3.org/2001/XMLSchema-instance"
    xsi:schemaLocation="http://www.loc.gov/MARC21/slim http://www.loc.gov/standards/marcxml/schema/MARC21slim.xsd"
    xmlns="http://www.loc.gov/MARC21/slim">

  <leader>01454nab a2200229 i 4500</leader>
  <controlfield tag="001">BPP</controlfield>
  <controlfield tag="003">BPK</controlfield>
  <controlfield tag="005">20160120130907.0</controlfield>
  <controlfield tag="008">160119s1979    pl  |  |     |100 ||pol</controlfield>
  <datafield tag="040" ind1=" " ind2=" ">
    <subfield code="c">BPK</subfield>
  </datafield>
  <datafield tag="080" ind1=" " ind2=" ">
    <subfield code="a">796.012</subfield>
  </datafield>
  <datafield tag="100" ind1=" " ind2=" ">
    <subfield code="a">DUBROWSKI, Edward.</subfield>
    <subfield code="d">1974 - 1985.</subfield>
    <subfield code="b">Wy&#x17C;sza Szko&#x142;a In&#x17C;ynierska w Koszalinie - Studium Wychowania Fizycznego i Sportu</subfield>
    <subfield code="c">.</subfield>
  </datafield>
  <datafield tag="245" ind1=" " ind2=" ">
    <subfield code="a">Kszta&#x142;towanie si&#x119; zainteresowa&#x144; sportowych w&#x15B;r&#xF3;d student&#xF3;w przyj&#x119;tych do Wy&#x17C;szej Szko&#x142;y In&#x17C;ynierskiej w Koszalinie w roku akademickim 1977/78 /</subfield>
    <subfield code="c">Edward Dubrowski.</subfield>
  </datafield>
  <datafield tag="260" ind1=" " ind2=" ">
    <subfield code="c">1979.</subfield>
  </datafield>
  <datafield tag="500" ind1=" " ind2=" ">
    <subfield code="a">Dane z autopsji.</subfield>
  </datafield>
  <datafield tag="520" ind1=" " ind2=" ">
    <subfield code="a">W niniejszym opracowaniu zawarto pr&#xF3;b&#x119; oceny zainteresowa&#x144; kultur&#x105; fizyczn&#x105; m&#x142;odzie&#x17C;y rozpoczynaj&#x105;cej studia w WSIn&#x17C;. Zankietowano 436 os&#xF3;b wst&#x119;puj&#x105;cych na studia w roku akademickim 1977/78. W wyniku przeprowadzonych analiz stwierdzono, &#x17C;e zainteresowanie sportem w&#x15B;r&#xF3;d m&#x142;odzie&#x17C;y jest ma&#x142;e, r&#xF3;&#x17C;ni&#x105;ce si&#x119; w zale&#x17C;no&#x15B;ci od p&#x142;ci oraz typu i miejsca uko&#x144;czenia szko&#x142;y &#x15B;redniej.</subfield>
  </datafield>
  <datafield tag="650" ind1=" " ind2="0">
    <subfield code="a">Studenci - kultura fizyczna.</subfield>
  </datafield>
  <datafield tag="655" ind1=" " ind2="0">
    <subfield code="a">Materia&#x142;y konferencyjne.</subfield>
  </datafield>
  <datafield tag="773" ind1=" " ind2=" ">
    <subfield code="i">W :</subfield>
    <subfield code="t">Zeszyty Naukowe Wy&#x17C;szej Szko&#x142;y In&#x17C;ynierskiej w Koszalinie. Prace Studi&#xF3;w Wychowania Fizycznego i Sportu Uczelni Technicznych. -</subfield>
    <subfield code="g">1979, nr 6, s. 203-207</subfield>
  </datafield>
  <datafield tag="711" ind1=" " ind2=" ">
    <subfield code="a">Seminarium : Przyrodnicze podstawy wychowania fizycznego i sportu uczelni technicznych</subfield>
    <subfield code="n">(6 ;</subfield>
    <subfield code="d">1979 ;</subfield>
    <subfield code="c">Koszalin, Polska).</subfield>
  </datafield>
  <datafield tag="942" ind1=" " ind2=" ">
    <subfield code="c">ART</subfield>
    <subfield code="2">UKD</subfield>
  </datafield>
  <datafield tag="999" ind1=" " ind2=" ">
    <subfield code="c">5169</subfield>
    <subfield code="d">5169</subfield>
  </datafield>
  <datafield tag="952" ind1=" " ind2=" ">
    <subfield code="0">0</subfield>
    <subfield code="1">0</subfield>
    <subfield code="4">0</subfield>
    <subfield code="7">0</subfield>
    <subfield code="a">BPK</subfield>
    <subfield code="b">BPK</subfield>
    <subfield code="o">0153</subfield>
    <subfield code="y">ART</subfield>
  </datafield>
</record>
